| 000 | 00820nam a22002415a 4500 | ||
|---|---|---|---|
| 005 | 20170108121547.0 | ||
| 008 | 170108s2006 ii fr 000 0 eng d | ||
| 020 | _a9788180618048 | ||
| 020 | _a8180618048 | ||
| 040 |
_aEG-ScBUE _beng _cEG-ScBUE _dEG-ScBUE |
||
| 082 | 0 | 4 |
_222 _a617.645 _bCHA |
| 100 | 1 | _aChandra, Satish. | |
| 245 | 1 | 0 |
_aMCQs in pedodontics with explanations for PG dental entrance examinations : _balso for BDS & MDS professional examinations / _cSatish Chandra, Shaleen Chandra, Girish Chandra. |
| 250 | _a1st ed. | ||
| 260 |
_aNew Delhi : _bJaypee Brothers Medical Publishers, _c2006. |
||
| 300 |
_axi, 180 p. ; _c24 cm. |
||
| 650 | 7 |
_2BUEsh _939506 _aPedodontics. |
|
| 651 | _2BUEsh | ||
| 653 |
_bDDent _cJanuary2017 |
||
| 700 | 1 | _aChandra, Shaleen. | |
| 700 | 1 | _aChandra. Girish. | |
| 942 | _2ddc | ||
| 999 |
_c23863 _d23835 |
||